|
|
|
|
| LEADER |
00000nam a2200000 a 4500 |
| 001 |
vtls001080647 |
| 003 |
SK-MaSNL |
| 005 |
20260301062242.0 |
| 008 |
250414s1988 xo 0 rus |
| 015 |
|
|
|a SNBA1989/04
|
| 035 |
|
|
|a SNK000023484
|
| 040 |
|
|
|a SNK
|b slo
|c SNK
|e AACR2
|
| 041 |
0 |
|
|a rus
|
| 044 |
|
|
|a xo
|c SK
|
| 080 |
|
|
|a 808.2-56(075.8)
|2 1981
|
| 100 |
1 |
|
|a Blazsek, Rudolf
|4 aut
|9 376384
|
| 245 |
1 |
0 |
|a Príručka náučného štýlu ruštiny
|b Pre ašpirantov a vedeckých pracovníkov
|c Rudolf Blazsek, Magda Jasenská
|
| 250 |
|
|
|a 1. vyd.
|
| 260 |
|
|
|a Zvolen
|b VŠLD
|c 1988
|e Zvolen
|f Edičné stredisko VŠLD
|
| 300 |
|
|
|a s., 7,275 AH
|c 29 cm
|
| 366 |
|
|
|e 250 výtl.
|
| 500 |
|
|
|a Lit. 21. Schválil rektor VŠLD vo Zvolene ako skriptá. Rozmn. 21 zázn. v slov., češ. a ruš.
|
| 700 |
1 |
|
|a Jasenská, Magda
|4 aut
|9 10028
|
| 852 |
|
|
|a Slovenská národná knižnica
|
| 958 |
|
|
|a NB
|
| 958 |
|
|
|a RM
|
| 958 |
|
|
|a UV
|
| 958 |
|
|
|a OND
|
| 999 |
|
|
|c 620013
|d 621943
|
| 952 |
|
|
|t P60, <04>, [BOOK], {604}
|a SNK
|b SNK
|y VYP
|7 0
|p 17A0154791
|o snkSB 44640 D1
|0 0
|1 0
|4 0
|d 1998-08-12
|l 0
|r 2004-12-31 00:00:00
|w 2026-02-23
|
| 952 |
|
|
|a SNK
|b SNK
|y PREZ
|7 0
|p 17A0851803
|o snkSB 44640
|0 0
|1 0
|4 0
|d 2012-07-10
|f 1
|l 0
|r 2026-02-23 16:52:29
|w 2026-02-23
|